LEADER 01398nam a2200301 i 4500 001 000000149145 003 CaOOAMICUS 005 20060327000000.0 008 060327s2006 it u000 u ita u 013 $a126463 020 $a88-311-3289-X 040 $aSeMil$bita 100 1 $aCerasi, Enrico$b<1970- >.$0(OLS)http://semarc/name/58936 245 13$aIl paradosso della grazia :$bla teo-antropologia di Karl Barth /$cEnrico Cerasi ; presentazione di Gaetano Lettieri. 260 $aRoma :$bCittà Nuova,$c2006. 300 $a235 p. ;$c20 cm. 490 0 $aContributi di teologia ;$v48 650 4$aAntropologia teologica.$0(OLS)http://semarc/subject/2114 650 4$aBarth, Karl <1886-1968> - Pensiero teologico.$0(OLS)http://semarc/subject/7293 650 4$aUomo e Dio .$0(OLS)http://semarc/subject/18684 700 1 $aLettieri, Gaetano <1961- >.$0(OLS)http://semarc/name/90366 830 0$aContributi di teologia ;$v48.$0(OLS)http://semarc/title/623 850 $aSeMil 852 $aSeMil$W1$xVenegono$y1$m2G I 218$j101445$B101445$CSeMilBibl$Z2$F110080 $81 961 $aSottoscrizione: Città Nuova (Agente) 996 $6020$a88-311-3289-X$9(OLS)http://semarc/number/138201 996 $6245$aIl paradosso della grazia :$bla teo-antropologia di Karl Barth$9(OLS)http://semarc/title/218020 996 $6260$aRoma :$bCittà Nuova$9(OLS)http://semarc/publisher/29609 LEADER 00867nam a2200193 i 4500 001 000000253331 003 CaOOAMICUS 005 20170320000000.0 008 170320s1978 it u000 u ita u 013 $a232236 040 $aSeMil$bita 100 1 $aFoucauld, Charles : de,$d<1858-1916>.$0(OLS)http://semarc/name/3237 245 13$aLo spirito di Gesù :$bmeditazioni (1898-1915) /$cintroduzione e note di Bernard Jacqueline. 300 $a286 p. 700 1 $aBernard, Jacqueline.$0(OLS)http://semarc/name/38641 773 0 $aFoucauld, Charles : de, <1858-1916>$tScritti spirituali di Charles de Foucauld.$bEdizione integrale.$dRoma : Città Nuova, 1983-$g8$w()20504 850 $aSeMil 852 $aSeMil$W1$xVenegono$y1$m2C I 743$j241194$B203677$CSeMilBibl$Z2$F217053 $81 996 $6245$aLo spirito di Gesù :$bmeditazioni (1898-1915)$9(OLS)http://semarc/title/410504